000 00875nam a2200169 4500
999 _c58832
_d58832
003 Ge_BSU
005 20221006104748.0
008 221006s2017 rus||||| |||| 00| 0 ru d
020 _a9785209075097
080 _a341.231.14(075.8) M-63
245 _aМеждународная защита прав человека /
_cПод ред. А. Х. Абашидзе; Федеральное гос. автономн. образоват. учреждение высшего образования, Российский ун-т дружбы народов, Юридич. ин-т кафедра международного права.
264 _aМосква :
_bРУДН,
_c2017.
300 _a466 стр. ;
_b20 см.
653 _aადამიანის უფლებები
700 _aАбашидзе, А. Х.
_eრედაქტორი
_9432
942 _2udc
_cBK